000 00543nam a2200205Ia 4500
008 170203s9999 xx 000 0 und d
020 _a0 590271466
050 _a0 80
050 _bB562t 1998
100 _aBetz, Adrienne.
245 _aScholastic treasury of quotations for children /
245 _ccompiled and written by Adrienne Betz.
260 _aNew York :
260 _bScholastic Reference,
260 _c1998
300 _a254 pages ;
300 _c24 cm.
650 _aQuotations, English.
650 _aQuotations.
999 _c305909
_d305909